| 000 | 00863nam a22002057a 4500 | ||
|---|---|---|---|
| 003 | OSt | ||
| 005 | 20250827181455.0 | ||
| 008 | 240313b ||||| |||| 00| 0 eng d | ||
| 040 | _c0 | ||
| 082 | _aDPer 621.317 Ie21 July 2022 v.37 n. 7 | ||
| 100 |
_aEspe, Asbjorn Engmark. _eauthor. _954436 |
||
| 245 |
_aMagnetic field energy harvesting in railway / _cAsbjorn Engmark Espe, Thomas Sagvold Haugan, and Geir Mathisen |
||
| 260 |
_aNew York ; _bThe Institute of Electrical and Electronics Engineers, Inc. , _cJuly 2022. |
||
| 300 |
_avolume 37, pages 8659-8668 : _billustration ; _c28 cm. |
||
| 500 | _aIEEE Transactions on Power Electronics, vol. 37, no. 7, pages 8659-8668, July 2022. | ||
| 700 |
_aEspe, Asbjorn Engmark. _eauthor. _954436 |
||
| 700 |
_aHaugan, Thomas Sagvold. _eauthor. _954437 |
||
| 700 |
_aMathisen, Geir. _eauthor. _954438 |
||
| 942 |
_2ddc _cPER |
||
| 999 |
_c19632 _d19632 |
||